Random city to country (HARD #1) - Statistics

General Stats
  • This quiz has been taken 26 times
  • The average score is 12 of 20
Answer Stats
City Country % Correct
Daejeon South Korea
92%
Benin City Nigeria
88%
Paphos Cyprus
83%
Sfax Tunisia
79%
Eskişehir Turkey
79%
Mandalay Myanmar
75%
Poitiers France
67%
Batumi Georgia
67%
Johor Bahru Malaysia
63%
Nové Zámky Slovakia
63%
Ulan-Ude Russia
58%
Goiânia Brazil
54%
Sassari Italy
54%
Ar Raqqah Syria
50%
Shkodër Albania
46%
Bijelo Polje Bosnia and Herzegovina
42%
Osh Kyrgyzstan
42%
Bălți Moldova
42%
Port Hedland Australia
33%
Sliven Bulgaria
8%
No matching quizzes found
Score Distribution
Percent of People with Each Score
Percentile by Number Answered
Your Score History
You have not taken this quiz